Political power in the ancient world /

محفوظ في:

المؤلف الرئيسي: Levi, Mario Attilio, 1902-1998 (مؤلف)

مؤلفون آخرون: Costello, Jane, 1974-

التنسيق: كتاب

اللغة: English

منشور في: New York : New American Library, 1968, ©1965.

سلاسل: Mentor Book.

الموضوعات:

الوسوم: إضافة وسم

لا توجد وسوم, كن أول من يضع وسما على هذه التسجيلة!

رقم الطلب: DE83 .L413 1968

LEADER 00701nam a2200241Ii 4500
001 6292
003 OSt
005 20251218081153.0
008 130303r19681965nyu 001 0 eng d
035 |a ocm02307937 
040 |c ARCE Library 
050 4 |a DE83 .L413 1968 
100 1 |a Levi, Mario Attilio,  |d 1902-1998,  |e author 
245 1 0 |a Political power in the ancient world /  |c Mario A. Levi ; Translation by Jane Costello. 
264 1 |a New York :  |b New American Library,  |c 1968, ©1965. 
300 |a 224 pages ;   |c 19 cm. 
490 0 |a Mentor Book. 
500 |a Includes index. 
650 0 |a History, Ancient. 
700 1 |a Costello, Jane,  |d 1974- 
901 |a reviewed 
942 |c BK  |2 lcc 
999 |c 4947  |d 4947